Statystyki dla Marki batoników

Kliknij tutaj aby rozwiązać quiz!

Ogólne statystyki

  • Ten quiz został rozwiązany 3 678 razy
  • Średni wynik to 6 z 16

Statystyki odpowiedzi

Marka lub producent% Poprawnych
Snickers
92%
Mars
91%
Twix
69%
Bounty
62%
Lion
52%
Milky Way
50%
Kit Kat
45%
Pawełek
39%
3 Bit
38%
WW
23%
Bajeczny
12%
Pierrot
5%
Picnic
3%
Daim
2%
Reese's
2%
Toblerrone
2%

Rozkład punktacji

Percentyl według liczby udzielonych odpowiedzi

Procent ludzi z każdym wynikiem

Twoja historia wyników

Nie rozwiązałeś tego quizu